Movies Quiz

Random Movies or Clickable Quiz

Random Lines from Christmas Movies Quiz Stats

 Plays Quiz not verified by Sporcle

Score 0/20 Timer 10:00
0 Plays Today
% Correct
The Santa Clause
76.5%
Home Alone
76.1%
Miracle on 34th Street
75.1%
Home Alone 2: Lost in New York
72.3%
Die Hard
71.8%
Jingle All the Way
70%
The Muppet Christmas Carol
64.8%
Elf
61%
Christmas with the Kranks
47.9%
National Lampoon's Christmas Vacation
46%
% Correct
Bad Santa
43.7%
A Very Harold and Kumar Christmas
43.7%
Scrooged
43.2%
How the Grinch Stole Christmas
43.2%
Fred Claus
43.2%
A Christmas Story
42.3%
It's a Wonderful Life
29.1%
Silent Night, Deadly Night Part 2
21.6%
White Christmas
20.2%
Holiday Inn
16.9%

You're not logged in!

Compare scores with friends on all Sporcle quizzes.
OR
Log In

Sporcle TV

Today on Sporcle TV


Watch our educational content, quiz creation guides, and fun videos on Sporcle TV.

Show Comments

Extras

Top Quizzes Today


Score Distribution

Your Account Isn't Verified!

In order to create a playlist on Sporcle, you need to verify the email address you used during registration. Go to your Sporcle Settings to finish the process.

Report this User

Report this user for behavior that violates our Community Guidelines.

Details: